000 00671nam a2200193Ii 4500
003 JO-AjNU
008 230606s9999||||xx |||||||||||||| ||und||
040 _aJO-AjNU
_beng
_erda
_cJO-AjNU
041 _aeng
050 1 4 _aHQ1106.A2 1976
100 3 _aedited: Tinker,Irene / Bramsen,Michele Bo,
_eauthor
_92872
245 0 0 _aWomen and World Development
264 3 1 _aOverseas development council,1976
300 _a228p
_bprepared under the suspicesof the american associrtion for the advancement of science
336 _atext
_btxt
_2rdacontent
337 _aunmediated
_bn
_2rdamedia
338 _avolume
_bnc
_2rdacarrier
650 4 _aWomen and World Development
_92873
999 _aE1505
_c1505
_d1505